000 00564nam a2200193Ia 4500
005 20260120130955.0
008 008 260114s9999 xx 000 0 eng d
020 _a9780199367689
037 _aEBOOK
040 _aCRL
_beng
_cCRL
041 _aeng
_2eng
084 _qCRL
100 _aDagan
_9921452
245 0 _aReconstructing American Legal Realism & Rethinking Private Law Theory
260 _bOxford University PressOxford University Press
_c2013
856 _uhttps://academic.oup.com/book/8722
942 _cEBOOK
999 _c1513362
_d1513362